000 01421nam a22002777a 4500
001 4942
003 FISKH
005 20241025152846.0
008 241025b cb ||||| |||| 00| 0 eng d
020 _a9780007453542
040 _aFISKH
_beng
_cFISKH
_dFISKH
050 _aPZ7.W1593357
082 _a823.92
100 _aWilliams , David
245 _aRatburger /
_cby David Walliams
260 _aLondon :
_bHarperCollins Children's Books ;
_c2012 .
300 _a316 pages :
_billustrations ;
_c20 cm .
505 _aS
520 _aThe fifth screamingly funny novel from David Walliams, number one bestseller and fastest growing children's author in the country. Hot on the heels of bestselling Gangsta Granny comes another hilarious, action-packed and touching novel - the story of a little girl called Zoe. Things are not looking good for Zoe. Her stepmother Sheila is so lazy she gets Zoe to pick her nose for her. The school bully Tina Trotts makes her life a misery - mainly by flobbing on her head. And now the evil Burt from Burt's Burgers is after her pet rat! And guess what he wants to do with it? The clue is in the title... From the author that is being called 'a new Roald Dahl', Ratburger is not to be missed!
521 8 _a790
_bLexile
521 8 _aS
_bRaz-Plus
650 _a bullying
_vfiction
700 _aRoss, Tony
_eillustrator
942 _2ddc
_cBK
_n0
999 _c4942
_d4942